<?xml version="1.0" encoding="UTF-8"?><?xml-stylesheet type="text/xsl" href="static/style.xsl"?><OAI-PMH xmlns="http://www.openarchives.org/OAI/2.0/" xmlns:xsi="http://www.w3.org/2001/XMLSchema-instance" xsi:schemaLocation="http://www.openarchives.org/OAI/2.0/ http://www.openarchives.org/OAI/2.0/OAI-PMH.xsd"><responseDate>2026-05-14T11:56:14Z</responseDate><request verb="GetRecord" identifier="oai:riubu.ubu.es:10259/5116" metadataPrefix="marc">https://riubu.ubu.es/oai/request</request><GetRecord><record><header><identifier>oai:riubu.ubu.es:10259/5116</identifier><datestamp>2024-05-13T07:31:57Z</datestamp><setSpec>com_10259_2699</setSpec><setSpec>col_10259_2717</setSpec></header><metadata><record xmlns="http://www.loc.gov/MARC21/slim" xmlns:doc="http://www.lyncode.com/xoai" xmlns:xsi="http://www.w3.org/2001/XMLSchema-instance" xmlns:dcterms="http://purl.org/dc/terms/" xsi:schemaLocation="http://www.loc.gov/MARC21/slim http://www.loc.gov/standards/marcxml/schema/MARC21slim.xsd">
<leader>00925njm 22002777a 4500</leader>
<datafield tag="042" ind1=" " ind2=" ">
<subfield code="a">dc</subfield>
</datafield>
<datafield tag="720" ind1=" " ind2=" ">
<subfield code="a">Morales Luna, Perla</subfield>
<subfield code="e">author</subfield>
</datafield>
<datafield tag="260" ind1=" " ind2=" ">
<subfield code="c">2015</subfield>
</datafield>
<datafield tag="520" ind1=" " ind2=" ">
<subfield code="a">El objetivo es identificar el efecto de dos mecanismos de gobierno corporativo, el consejo de administración y la estructura de propiedad, y del marco institucional y legal de cada país en la valoración de la calidad crediticia de la empresa medida a través de sus ratings de crédito en un contexto internacional. Los datos corresponden a 254 empresas de 18 países de Europa durante 2004-2011. Las calificaciones de crédito se obtuvieron de Moody’s Investors Service y Standard and Poor’s y se utilizó el modelo logit ordenado. Los resultados señalan que, en las calificaciones de crédito, el tamaño del consejo de administración ejerce un efecto dual, que los consejeros independientes, las mujeres en los consejos, la dualidad director general-presidente, la contestación al control del principal y la participación de bancos en la propiedad tienen un efecto positivo; mientras que la concentración de la propiedad afecta negativamente, lo mismo que un mejor entorno legal y la protección de los derechos de los acreedores, lo que sugiere la necesidad de considerar si dicha protección es efectiva y si la calidad del gobierno permite asegurarla en la práctica.</subfield>
</datafield>
<datafield tag="024" ind2=" " ind1="8">
<subfield code="a">http://hdl.handle.net/10259/5116</subfield>
</datafield>
<datafield tag="024" ind2=" " ind1="8">
<subfield code="a">10.36443/10259/5116</subfield>
</datafield>
<datafield ind1=" " ind2=" " tag="653">
<subfield code="a">Calificación de crédito</subfield>
</datafield>
<datafield ind1=" " ind2=" " tag="653">
<subfield code="a">Consejo de administración</subfield>
</datafield>
<datafield ind1=" " ind2=" " tag="653">
<subfield code="a">Estructura de propiedad</subfield>
</datafield>
<datafield ind1=" " ind2=" " tag="653">
<subfield code="a">Gobierno corporativo</subfield>
</datafield>
<datafield ind1=" " ind2=" " tag="653">
<subfield code="a">Marco legal e institucional</subfield>
</datafield>
<datafield ind1=" " ind2=" " tag="653">
<subfield code="a">Credit rating</subfield>
</datafield>
<datafield ind1=" " ind2=" " tag="653">
<subfield code="a">Board of directors</subfield>
</datafield>
<datafield ind1=" " ind2=" " tag="653">
<subfield code="a">Ownership structure</subfield>
</datafield>
<datafield ind1=" " ind2=" " tag="653">
<subfield code="a">Corporate governance</subfield>
</datafield>
<datafield ind1=" " ind2=" " tag="653">
<subfield code="a">Legal and institutional setting</subfield>
</datafield>
<datafield tag="245" ind1="0" ind2="0">
<subfield code="a">Calificación crediticia, estructura de propiedad de la empresa y consejo de administración: un análisis internacional</subfield>
</datafield>
</record></metadata></record></GetRecord></OAI-PMH>